000 00779naa a22002297u 4500
001 07832
003 HDC
007 cr bn ---aaaaa
008 210128t2002 ce 000 0 eng
040 _aHDC
245 0 _aCombined use of laparotomy and laparoscopy to harvest embryos of angora goats (Capra sp.)
260 _aChina :
_bFFTC Research Highlights,
_c2002
336 _atext
_2rdacontent
337 _acomputer
_2rdamedia
338 _aonline resource
_2rdacarrier
650 _aAnimal industry
_97120
650 _aEmbryology
_97183
856 _zRequest full-text at [email protected]
942 _2lcc
942 _cEIS
942 _kEMAG 000428
999 _c5155
_d5155